[Event "GBR-ch"]
[Site "Aberystwyth, Wales"]
[Date "2014.07.19"]
[Round "1.1"]
[White "Burnett, Jim"]
[Black "Howell, David W L"]
[Result "0-1"]
[WhiteElo "2124"]
[BlackElo "2650"]
[PlyCount "70"]
[EventDate "2014.07.19"]
[EventType "swiss"]
[EventRounds "11"]
[EventCountry "GBR"]
[Source "John Saunders"]
[SourceDate "2015.07.24"]

1. d4 Nf6 2. c4 g6 3. Nc3 Bg7 4. Nf3 O-O 5. g3 c5 6. Bg2 cxd4 7. Nxd4 Qc7 8. b3
d5 9. Ndb5 Qa5 10. Bd2 dxc4 11. bxc4 Qd8 12. O-O a6 13. Na3 Nc6 14. Rb1 Nd7 15.
Qc1 Nc5 16. Rd1 Bf5 17. Bh6 Bxh6 18. Rxd8 Bxc1 19. Rxf8+ Kxf8 20. Rxc1 Na5 21.
Rd1 Rc8 22. e4 Be6 23. Nd5 Na4 24. Bf1 Nb2 25. Rb1 Nbxc4 26. Nxc4 Nxc4 27. Rxb7
Nd2 28. Bxa6 Rc2 29. Nb4 Rc1+ 30. Kg2 Bg4 31. Bd3 Nf3 32. Bf1 Ne1+ 33. Kg1 Nf3+
34. Kg2 Ng5 35. h4 Bf3+ 0-1

[Event "GBR-ch"]
[Site "Aberystwyth, Wales"]
[Date "2014.07.19"]
[Round "1.2"]
[White "Pert, Nicholas"]
[Black "Menadue, Jeremy F S"]
[Result "1-0"]
[WhiteElo "2564"]
[BlackElo "2117"]
[PlyCount "75"]
[EventDate "2014.07.19"]
[EventType "swiss"]
[EventRounds "11"]
[EventCountry "GBR"]
[Source "John Saunders"]
[SourceDate "2015.07.24"]

1. d4 d5 2. c4 c6 3. Nf3 Nf6 4. e3 e6 5. b3 Nbd7 6. Bb2 Bd6 7. Bd3 O-O 8. O-O
Re8 9. Ne5 Qc7 10. f4 b6 11. Nc3 Bb7 12. Rc1 dxc4 13. bxc4 Rad8 14. Qc2 a6 15.
e4 Nf8 16. Rce1 Bb4 17. a3 Bd6 18. Nd1 c5 19. d5 exd5 20. exd5 Ng6 21. Qc3 Bf8
22. Ne3 Bc8 23. a4 Bd7 24. Qb3 Bc8 25. Nc6 Nxf4 26. Nxd8 Rxd8 27. Bxf6 gxf6 28.
Bf5 Bd6 29. Bxc8 Rxc8 30. Nf5 Ng6 31. Qh3 Rd8 32. Re3 Bf8 33. Qh5 Qc8 34. Rh3
h6 35. Nxh6+ Bxh6 36. Qxh6 Rd6 37. Qh7+ Kf8 38. Qh8+ 1-0

[Event "GBR-ch"]
[Site "Aberystwyth, Wales"]
[Date "2014.07.19"]
[Round "1.3"]
[White "Hackner, Oskar A"]
[Black "Hebden, Mark L"]
[Result "0-1"]
[WhiteElo "2108"]
[BlackElo "2554"]
[PlyCount "128"]
[EventDate "2014.07.19"]
[EventType "swiss"]
[EventRounds "11"]
[EventCountry "GBR"]
[Source "John Saunders"]
[SourceDate "2015.07.24"]

1. d4 Nf6 2. c4 g6 3. Nc3 Bg7 4. e4 d6 5. f3 O-O 6. Be3 a6 7. Bd3 Nfd7 8. Nge2
c5 9. Qd2 Nc6 10. Bc2 b5 11. cxb5 axb5 12. Nxb5 Qb6 13. a4 Ba6 14. dxc5 Nxc5
15. Nec3 Nb4 16. Kf2 Bh6 17. Rac1 Bxe3+ 18. Qxe3 Ncd3+ 19. Bxd3 Nxd3+ 20. Ke2
Nxc1+ 21. Rxc1 Qxe3+ 22. Kxe3 Bxb5 23. axb5 Rfc8 24. Kd3 Kf8 25. Rd1 Ke8 26.
Kc2 Rc5 27. Kb3 f5 28. Kb4 fxe4 29. fxe4 Kf7 30. Rd5 Rc7 31. Kb3 Ke6 32. Ne2
Kd7 33. Nc3 Rf8 34. Rd2 Rc5 35. Kb4 Ke6 36. Ka5 Ra8+ 37. Kb4 Re5 38. Kc4 Rf8
39. Kd4 Kd7 40. Rc2 Rc5 41. Rd2 Rfc8 42. Rf2 Rc4+ 43. Kd3 Rb4 44. g3 Ke6 45.
Ke3 Rcc4 46. Kd3 Rc5 47. Ke3 Ke5 48. Kd3 e6 49. Rc2 Rd4+ 50. Ke3 Rxe4+ 51. Kf3
d5 52. Rd2 Rb4 53. Re2+ Kf5 54. Rd2 h5 55. h3 g5 56. Ke3 Rb3 57. Kd4 Rc4+ 58.
Kd3 Rcb4 59. Ke3 Ke5 60. Re2 Rxb2 61. Rxb2 Rxb2 62. Kd3 d4 63. Ne2 Rxb5 64.
Nxd4 Rd5 0-1

[Event "GBR-ch"]
[Site "Aberystwyth, Wales"]
[Date "2014.07.19"]
[Round "1.4"]
[White "Hawkins, Jonathan"]
[Black "Brown, Thomas"]
[Result "1-0"]
[WhiteElo "2516"]
[BlackElo "2104"]
[PlyCount "45"]
[EventDate "2014.07.19"]
[EventType "swiss"]
[EventRounds "11"]
[EventCountry "GBR"]
[Source "John Saunders"]
[SourceDate "2015.07.24"]

1. d4 d5 2. c4 c6 3. Nf3 Nf6 4. Nc3 dxc4 5. e4 b5 6. e5 Nd5 7. a4 b4 8. Ne4 Bf5
9. Ng3 Bg4 10. Bxc4 e6 11. O-O a5 12. h3 Bxf3 13. Qxf3 h5 14. Nxh5 Qh4 15. Nf4
Nd7 16. Be3 Be7 17. Nxd5 cxd5 18. Bb5 Ra7 19. Rac1 O-O 20. Bd3 f6 21. exf6 Bxf6
22. Qg4 Qxg4 23. hxg4 1-0

[Event "GBR-ch"]
[Site "Aberystwyth, Wales"]
[Date "2014.07.19"]
[Round "1.5"]
[White "Horton, Justin"]
[Black "Zhou, Yang-Fan"]
[Result "0-1"]
[WhiteElo "2104"]
[BlackElo "2475"]
[PlyCount "114"]
[EventDate "2014.07.19"]
[EventType "swiss"]
[EventRounds "11"]
[EventCountry "GBR"]
[Source "John Saunders"]
[SourceDate "2015.07.24"]

1. d4 g6 2. e4 Bg7 3. Nc3 c6 4. Nf3 d6 5. Be2 Nf6 6. O-O O-O 7. a4 Qc7 8. Bg5
h6 9. Bh4 e5 10. d5 Nbd7 11. Nd2 cxd5 12. Nb5 Qb8 13. exd5 a6 14. Nc3 b6 15.
Nc4 Bb7 16. f3 Qc7 17. Bf2 Rab8 18. Qd2 Rfd8 19. a5 b5 20. Nb6 Bc8 21. Kh1 Nxb6
22. Bxb6 Rxb6 23. axb6 Qxb6 24. Na2 e4 25. fxe4 Nxe4 26. Qf4 f5 27. c3 g5 28.
Qf3 g4 29. Qf4 g3 30. Bd3 Nf2+ 31. Rxf2 Qxf2 32. Qxf2 gxf2 33. Rf1 Re8 34. Rxf2
Re1+ 35. Rf1 Re3 36. Rf3 Re1+ 37. Rf1 Re3 38. Rf3 Rxf3 39. gxf3 Be5 40. Nb4 Kg7
41. Nc6 Kf6 42. Kg2 Bb7 43. c4 bxc4 44. Bxc4 Bxb2 45. f4 Bc3 46. Kf3 Bd2 47.
Bd3 a5 48. Bb5 h5 49. Bc4 a4 50. Nd8 Bc8 51. Ne6 a3 52. Nd4 Bd7 53. Bb3 h4 54.
Bc4 Ba4 55. Kg2 Bxf4 56. Kh3 Bg5 57. Nf3 Bb5 0-1

[Event "GBR-ch"]
[Site "Aberystwyth, Wales"]
[Date "2014.07.19"]
[Round "1.6"]
[White "Williams, Simon K"]
[Black "Lenier, Jude A"]
[Result "1-0"]
[WhiteElo "2462"]
[BlackElo "2099"]
[PlyCount "65"]
[EventDate "2014.07.19"]
[EventType "swiss"]
[EventRounds "11"]
[EventCountry "GBR"]
[Source "John Saunders"]
[SourceDate "2015.07.24"]

1. d4 Nf6 2. c4 g6 3. Nc3 Bg7 4. e4 d6 5. Bd3 e5 6. d5 Na6 7. Nge2 Nh5 8. h3
Qh4 9. g3 Qf6 10. Ng1 Nc5 11. Be2 Qe7 12. Bxh5 gxh5 13. Be3 O-O 14. g4 Qd7 15.
f3 c6 16. Nge2 h4 17. b4 Na6 18. Rb1 Nc7 19. a4 cxd5 20. cxd5 b6 21. Qd2 f6 22.
Bf2 Qe8 23. Bxh4 Bd7 24. b5 a6 25. Bf2 axb5 26. Bxb6 b4 27. Rxb4 Na6 28. Rb1
Bxa4 29. Ng3 Rb8 30. Nf5 Qd7 31. O-O Rfc8 32. Nxa4 Qxa4 33. Ne7+ 1-0

[Event "GBR-ch"]
[Site "Aberystwyth, Wales"]
[Date "2014.07.19"]
[Round "1.7"]
[White "Wager, John D"]
[Black "Emms, John M"]
[Result "0-1"]
[WhiteElo "2099"]
[BlackElo "2456"]
[PlyCount "46"]
[EventDate "2014.07.19"]
[EventType "swiss"]
[EventRounds "11"]
[EventCountry "GBR"]
[Source "John Saunders"]
[SourceDate "2015.07.24"]

1. d4 Nf6 2. Nf3 d5 3. e3 c5 4. b3 Nc6 5. Bb2 Bg4 6. Nbd2 e6 7. Be2 Bd6 8. O-O
O-O 9. h3 Bh5 10. c4 Qe7 11. cxd5 exd5 12. Rc1 Bg6 13. dxc5 Bxc5 14. Bxf6 gxf6
15. Nh4 Rfd8 16. Nxg6 hxg6 17. Nf3 Kg7 18. Rc2 d4 19. exd4 Bxd4 20. Rd2 Bb6 21.
Bc4 Ne5 22. Nxe5 fxe5 23. Re1 Ba5 0-1

[Event "GBR-ch"]
[Site "Aberystwyth, Wales"]
[Date "2014.07.19"]
[Round "1.8"]
[White "Arkell, Keith C"]
[Black "Brusey, Alan W"]
[Result "1-0"]
[WhiteElo "2433"]
[BlackElo "1951"]
[PlyCount "67"]
[EventDate "2014.07.19"]
[EventType "swiss"]
[EventRounds "11"]
[EventCountry "GBR"]
[Source "John Saunders"]
[SourceDate "2015.07.24"]

1. d4 d5 2. Nf3 Nc6 3. c4 Bg4 4. cxd5 Bxf3 5. gxf3 Qxd5 6. e3 e5 7. Nc3 Bb4 8.
Bd2 Bxc3 9. bxc3 exd4 10. cxd4 Nge7 11. Be2 O-O-O 12. Qb3 Qh5 13. f4 Qg6 14.
Kf1 Rhe8 15. Rg1 Qf6 16. Rb1 b6 17. Bf3 Rd6 18. Bc3 Qh6 19. Qxf7 Red8 20. Qxg7
Qh3+ 21. Qg2 Qh6 22. Qg5 Kb8 23. Qxh6 Rxh6 24. Ke2 Nd5 25. Bxd5 Rxd5 26. Rg5
Rxg5 27. fxg5 Rxh2 28. d5 Ne7 29. Be5 Rh3 30. d6 Nc6 31. dxc7+ Kb7 32. Rc1 Ne7
33. c8=Q+ Nxc8 34. Rc7+ 1-0

[Event "GBR-ch"]
[Site "Aberystwyth, Wales"]
[Date "2014.07.19"]
[Round "1.9"]
[White "Simons, Martin J"]
[Black "Pert, Richard G"]
[Result "0-1"]
[WhiteElo "2087"]
[BlackElo "2430"]
[PlyCount "52"]
[EventDate "2014.07.19"]
[EventType "swiss"]
[EventRounds "11"]
[EventCountry "GBR"]
[Source "John Saunders"]
[SourceDate "2015.07.24"]

1. d4 Nf6 2. Nc3 d5 3. e4 Nxe4 4. Nxe4 dxe4 5. Bf4 e6 6. Qd2 c5 7. O-O-O Nc6 8.
Bb5 cxd4 9. Qxd4 Qxd4 10. Rxd4 f5 11. f3 Bd7 12. Rd2 Bc5 13. Re2 O-O 14. c3 Ne5
15. Bxe5 Bxb5 16. Re1 Bf2 17. Rd1 Rad8 18. Nh3 Be3+ 19. Kb1 Bd3+ 20. Ka1 exf3
21. gxf3 Be2 22. Rxd8 Rxd8 23. f4 h6 24. Re1 Bg4 25. Ng1 Rd1+ 26. Rxd1 Bxd1 0-1

[Event "GBR-ch"]
[Site "Aberystwyth, Wales"]
[Date "2014.07.19"]
[Round "1.10"]
[White "Ward, Chris G"]
[Black "Elwin, Adrian G"]
[Result "1-0"]
[WhiteElo "2422"]
[BlackElo "1974"]
[PlyCount "79"]
[EventDate "2014.07.19"]
[EventType "swiss"]
[EventRounds "11"]
[EventCountry "GBR"]
[Source "John Saunders"]
[SourceDate "2015.07.24"]

1. d4 Nf6 2. c4 g6 3. Nc3 Bg7 4. e4 d6 5. f3 O-O 6. Be3 Nbd7 7. Nh3 c5 8. d5
Ne5 9. Nf2 h5 10. h3 Nh7 11. f4 Nd7 12. Be2 Nb6 13. Qd2 Bd7 14. O-O f5 15. a4
e5 16. dxe6 Bxe6 17. b3 Qe7 18. a5 Nc8 19. Rad1 Nf6 20. Bf3 Re8 21. Rfe1 a6 22.
e5 dxe5 23. fxe5 Nh7 24. Nd5 Qf7 25. Bxc5 g5 26. Nb6 Nxb6 27. Bxb6 g4 28. Bd5
g3 29. Nd3 Bxd5 30. cxd5 Qxd5 31. Qf4 Qxb3 32. Qxf5 Rac8 33. Qxh5 Rf8 34. Qg6
Rc2 35. Qxg3 Rf5 36. h4 Qc3 37. e6 Nf6 38. Qg6 Rb5 39. e7 Rxb6 40. e8=Q+ 1-0

[Event "GBR-ch"]
[Site "Aberystwyth, Wales"]
[Date "2014.07.19"]
[Round "1.11"]
[White "Jarmany, John"]
[Black "Fernandez, Daniel Howard"]
[Result "0-1"]
[WhiteElo "2073"]
[BlackElo "2396"]
[PlyCount "126"]
[EventDate "2014.07.19"]
[EventType "swiss"]
[EventRounds "11"]
[EventCountry "GBR"]
[Source "John Saunders"]
[SourceDate "2015.07.24"]

1. e4 c6 2. d4 d5 3. exd5 cxd5 4. Bd3 Nc6 5. c3 Nf6 6. Bf4 Bg4 7. Qb3 Qd7 8.
Nd2 e6 9. Ngf3 Bxf3 10. Nxf3 a6 11. O-O Be7 12. Rae1 O-O 13. Qc2 Rfc8 14. Ne5
Qe8 15. Qd1 b5 16. Re3 g6 17. Rh3 Nxe5 18. Bxe5 Ne4 19. Bxe4 dxe4 20. f3 e3 21.
Re1 b4 22. Rxe3 bxc3 23. bxc3 Qb5 24. Qd2 f6 25. Bg3 Rc6 26. Re1 Bf8 27. Qf4
Bg7 28. Qh4 h5 29. Qe4 f5 30. Qe3 Rac8 31. Qg5 Kf7 32. Be5 Bxe5 33. dxe5 Qc5+
34. Re3 Qe7 35. Qxe7+ Kxe7 36. f4 Rc4 37. Rhf3 Ra4 38. Re2 Rcc4 39. g3 Ra3 40.
Rc2 Rca4 41. Rff2 Rc4 42. Rfd2 Raxc3 43. Rxc3 Rxc3 44. Kg2 h4 45. Kh3 hxg3 46.
hxg3 g5 47. fxg5 Re3 48. Kh4 Rxe5 49. Kh5 Re3 50. Rg2 Re4 51. Kh6 Rg4 52. Kh5
a5 53. Rb2 Rxg3 54. Rb7+ Kd6 55. Rb6+ Ke5 56. Kh6 f4 57. Rb5+ Ke4 58. Rxa5 f3
59. Ra6 Kf5 60. Ra5+ e5 61. Ra8 Rh3+ 62. Kg7 Kxg5 63. a4 e4 0-1

[Event "GBR-ch"]
[Site "Aberystwyth, Wales"]
[Date "2014.07.19"]
[Round "1.12"]
[White "Tan, Justin"]
[Black "Villiers, Thomas"]
[Result "1-0"]
[WhiteElo "2375"]
[BlackElo "2068"]
[PlyCount "51"]
[EventDate "2014.07.19"]
[EventType "swiss"]
[EventRounds "11"]
[EventCountry "GBR"]
[Source "John Saunders"]
[SourceDate "2015.07.24"]

1. e4 c6 2. d4 d5 3. Nc3 dxe4 4. Nxe4 Bf5 5. Ng3 Bg6 6. Nh3 e6 7. Nf4 Nf6 8. h4
c5 9. h5 Be4 10. Nxe4 Nxe4 11. d5 exd5 12. Nxd5 Nc6 13. c3 Bd6 14. h6 O-O 15.
hxg7 Re8 16. Be3 Nf6 17. Qc2 Kxg7 18. Nxf6 Qxf6 19. Qxh7+ Kf8 20. O-O-O Rad8
21. Rh6 Qe5 22. Bc4 Re7 23. Qh8+ Qxh8 24. Rxh8+ Kg7 25. Rxd8 Nxd8 26. Rxd6 1-0

[Event "GBR-ch"]
[Site "Aberystwyth, Wales"]
[Date "2014.07.19"]
[Round "1.13"]
[White "Jones, Steven A"]
[Black "Hill, Clive E"]
[Result "1-0"]
[WhiteElo "2064"]
[BlackElo "2330"]
[PlyCount "175"]
[EventDate "2014.07.19"]
[EventType "swiss"]
[EventRounds "11"]
[EventCountry "GBR"]
[Source "John Saunders"]
[SourceDate "2015.07.24"]

1. e4 e6 2. d4 b6 3. Bd3 Bb7 4. Qe2 d6 5. Nf3 Nd7 6. O-O g6 7. Nbd2 Bg7 8. c3
Ne7 9. h3 O-O 10. Re1 Nc6 11. Nh2 e5 12. d5 Ne7 13. Ndf3 f6 14. c4 Bc8 15. Bc2
Kh8 16. Rb1 Ng8 17. b4 a5 18. a3 Bh6 19. Bxh6 Nxh6 20. Nd2 axb4 21. axb4 Ra2
22. Bb3 Ra6 23. Ra1 Nb8 24. c5 bxc5 25. bxc5 f5 26. Qb5 Rxa1 27. Rxa1 Nd7 28.
cxd6 cxd6 29. Ra8 Nc5 30. Bc2 fxe4 31. Nxe4 Nxe4 32. Bxe4 Qh4 33. f3 Nf5 34.
Nf1 Nd4 35. Qc4 Qd8 36. Ne3 Qg5 37. Ng4 Qc1+ 38. Qxc1 Ne2+ 39. Kf2 Nxc1 40. Bc2
e4 41. Bxe4 Nb3 42. Ke3 Nc5 43. Nf2 Kg7 44. Nd3 Nxd3 45. Bxd3 Re8+ 46. Kd4 Kf7
47. Bb5 Rf8 48. Ra7+ Kg8 49. Bd7 Rf7 50. Be6 Bxe6 51. Ra8+ Bc8 52. Rxc8+ Kg7
53. Re8 Rb7 54. Re6 Rb6 55. Kc4 Kf7 56. f4 Kf8 57. g3 Kf7 58. g4 Kf8 59. f5
gxf5 60. Rf6+ Kg7 61. Rxf5 h6 62. Rf3 Rb1 63. Re3 Rc1+ 64. Kd4 Rd1+ 65. Kc4
Rc1+ 66. Kb4 Rd1 67. Re7+ Kf8 68. Re6 Rxd5 69. Rxh6 Rd1 70. Kc3 Kg7 71. Re6 Rh1
72. Re3 Kg6 73. Rd3 Kg5 74. Kd4 Rf1 75. Kd5 Rf6 76. Re3 Rh6 77. Rf3 Kh4 78. Rf5
Rg6 79. Rh5+ Kg3 80. Ke4 Rg8 81. g5 Re8+ 82. Kf5 d5 83. g6 d4 84. g7 d3 85. Kf6
d2 86. Rd5 Kxh3 87. Kf7 Re5 88. Rd3+ 1-0

[Event "GBR-ch"]
[Site "Aberystwyth, Wales"]
[Date "2014.07.19"]
[Round "1.14"]
[White "Jackson, James P"]
[Black "Pleasants, Allan J"]
[Result "1-0"]
[WhiteElo "2320"]
[BlackElo "2061"]
[PlyCount "35"]
[EventDate "2014.07.19"]
[EventType "swiss"]
[EventRounds "11"]
[EventCountry "GBR"]
[Source "John Saunders"]
[SourceDate "2015.07.24"]

1. e4 d6 2. d4 Nf6 3. Nc3 g6 4. f4 Bg7 5. Nf3 O-O 6. Bd3 Na6 7. O-O c5 8. d5
Nc7 9. Qe1 Qd7 10. a4 b6 11. f5 Ng4 12. Qh4 Ne5 13. Bh6 Ne8 14. Bb5 Qc7 15.
Nxe5 dxe5 16. Bxe8 Bxh6 17. Qxh6 Rxe8 18. Rf3 1-0

[Event "GBR-ch"]
[Site "Aberystwyth, Wales"]
[Date "2014.07.19"]
[Round "1.16"]
[White "Hughes, Roy"]
[Black "Harvey, Marcus R"]
[Result "0-1"]
[WhiteElo "2059"]
[BlackElo "2287"]
[PlyCount "56"]
[EventDate "2014.07.19"]
[EventType "swiss"]
[EventRounds "11"]
[EventCountry "GBR"]
[Source "John Saunders"]
[SourceDate "2015.07.24"]

1. d4 Nf6 2. Bf4 d6 3. e3 h6 4. h3 Bf5 5. Nf3 c6 6. c4 Qb6 7. Qb3 g5 8. Bh2 Na6
9. Na3 Qxb3 10. axb3 Nb4 11. Nd2 Bg7 12. Be2 O-O 13. f3 Nd7 14. Ne4 c5 15. Bg1
Bg6 16. Bf2 f5 17. Nc3 f4 18. dxc5 Nxc5 19. e4 Nxb3 20. Rd1 a6 21. O-O Rac8 22.
Na4 Be8 23. Nb6 Rc6 24. Nd5 Nxd5 25. cxd5 Rc8 26. Bc4 Na5 27. Bd3 Bxb2 28. Nc2
Ba4 0-1

[Event "GBR-ch"]
[Site "Aberystwyth, Wales"]
[Date "2014.07.19"]
[Round "1.17"]
[White "Tambini, Jasper"]
[Black "Rudd, Jack"]
[Result "0-1"]
[WhiteElo "2047"]
[BlackElo "2278"]
[PlyCount "78"]
[EventDate "2014.07.19"]
[EventType "swiss"]
[EventRounds "11"]
[EventCountry "GBR"]
[Source "John Saunders"]
[SourceDate "2015.07.24"]

1. e4 c5 2. Nc3 Nc6 3. f4 g6 4. Nf3 Bg7 5. Bb5 Nd4 6. O-O Nxb5 7. Nxb5 d5 8. e5
Bd7 9. Nc3 d4 10. Ne4 b6 11. d3 Bc6 12. Qe1 Nh6 13. h3 O-O 14. g4 f5 15. Neg5
fxg4 16. hxg4 Nxg4 17. Qg3 Qc8 18. Nh4 Be8 19. f5 gxf5 20. e6 Bg6 21. Nxg6 hxg6
22. Qh4 Nf6 23. Bf4 Nh5 24. Bh2 c4 25. Rae1 cxd3 26. cxd3 Qc2 27. Rf3 Qd2 28.
Ref1 Rac8 29. Bf4 Qxb2 30. Nf7 Rc2 31. Be5 Rg2+ 32. Kh1 Rg4 33. Qh3 Qxa2 34.
Rxf5 gxf5 35. Rxf5 Qd5+ 36. Kh2 Bxe5+ 37. Rxe5 Qa2+ 38. Kh1 Qb1+ 39. Kh2 Qg1#
0-1

[Event "GBR-ch"]
[Site "Aberystwyth, Wales"]
[Date "2014.07.19"]
[Round "1.18"]
[White "Kett, Tim"]
[Black "Fernandez, Michael"]
[Result "1/2-1/2"]
[WhiteElo "2270"]
[BlackElo "2029"]
[PlyCount "91"]
[EventDate "2014.07.19"]
[EventType "swiss"]
[EventRounds "11"]
[EventCountry "GBR"]
[Source "John Saunders"]
[SourceDate "2015.07.24"]

1. e4 c5 2. Nf3 d6 3. Bc4 Nc6 4. O-O Nf6 5. d3 g6 6. Nc3 Bg7 7. a4 O-O 8. h3
Ne5 9. Nxe5 dxe5 10. Be3 b6 11. Qd2 Bb7 12. Rae1 Ne8 13. f4 Nd6 14. Bd5 Bxd5
15. Nxd5 e6 16. Nc3 f5 17. fxe5 Bxe5 18. exf5 exf5 19. Nd5 Nf7 20. c4 Qd6 21.
d4 cxd4 22. Bxd4 Rfe8 23. Bxe5 Nxe5 24. b3 Rad8 25. Qg5 Kg7 26. Rd1 Nf7 27. Qd2
Ne5 28. Qc3 Kf7 29. Kh1 Nc6 30. Qf3 Ne7 31. g4 Kg8 32. Nxe7+ Qxe7 33. gxf5 Rxd1
34. Rxd1 gxf5 35. Qxf5 Kh8 36. Rf1 Qg7 37. b4 Rg8 38. Qf6 Rc8 39. Qxg7+ Kxg7
40. Rf4 Rd8 41. Kg2 Rd3 42. h4 Rb3 43. b5 Ra3 44. Kf2 Kg6 45. Ke2 h6 46. Kf2
1/2-1/2

[Event "GBR-ch"]
[Site "Aberystwyth, Wales"]
[Date "2014.07.19"]
[Round "1.19"]
[White "Taylor, Adam A"]
[Black "Storey, Charles H"]
[Result "1-0"]
[WhiteElo "2021"]
[BlackElo "2241"]
[PlyCount "91"]
[EventDate "2014.07.19"]
[EventType "swiss"]
[EventRounds "11"]
[EventCountry "GBR"]
[Source "John Saunders"]
[SourceDate "2015.07.24"]

1. Nf3 d5 2. c4 d4 3. e3 c5 4. b4 dxe3 5. fxe3 cxb4 6. Bb2 Nf6 7. Be2 g6 8. e4
Bg7 9. e5 Nh5 10. O-O Nf4 11. d4 O-O 12. Nbd2 b6 13. Ng5 Nxe2+ 14. Qxe2 Bb7 15.
Rad1 h6 16. Ngf3 b5 17. e6 bxc4 18. exf7+ Kh7 19. Nxc4 Bxf3 20. Rxf3 Nd7 21.
Qd3 a5 22. h4 h5 23. Rg3 Ra6 24. Rg5 Rxf7 25. Rxh5+ Kg8 26. Rg5 Qc8 27. Nxa5
Nf6 28. Rc1 Qa8 29. Rgc5 Rf8 30. Nc6 Rxc6 31. Qb3+ Kh7 32. Rxc6 Qb8 33. Rc7 Nh5
34. Qe6 Bf6 35. Rxe7+ Ng7 36. Rcc7 Kh8 37. Rxg7 Bxg7 38. Qe7 Rg8 39. d5 Qxc7
40. Qxc7 Bxb2 41. d6 Bd4+ 42. Kh1 Bf6 43. Qf7 Bxh4 44. Qf4 g5 45. Qf6+ Kh7 46.
d7 1-0

[Event "GBR-ch"]
[Site "Aberystwyth, Wales"]
[Date "2014.07.19"]
[Round "1.20"]
[White "Wadsworth, Matthew J"]
[Black "Kalaiyalahan, Akshaya"]
[Result "0-1"]
[WhiteElo "2221"]
[BlackElo "2016"]
[PlyCount "106"]
[EventDate "2014.07.19"]
[EventType "swiss"]
[EventRounds "11"]
[EventCountry "GBR"]
[Source "John Saunders"]
[SourceDate "2015.07.24"]

1. e4 c5 2. Nc3 e6 3. Nf3 a6 4. g3 b5 5. Bg2 Bb7 6. d3 d6 7. O-O Be7 8. Ne1 Nc6
9. f4 Nf6 10. Nf3 O-O 11. h3 d5 12. e5 Nd7 13. g4 Nd4 14. Nxd4 cxd4 15. Ne2 Qb6
16. b3 a5 17. Bb2 Bc5 18. Qe1 Nb8 19. f5 Nc6 20. Nf4 Rfe8 21. fxe6 fxe6 22. Qf2
Nxe5 23. Rae1 Qd6 24. Bxd4 Bxd4 25. Qxd4 Nd7 26. c4 bxc4 27. dxc4 a4 28. Qf2
Nf6 29. Rd1 axb3 30. g5 Rxa2 31. Qe3 Nh5 32. Qxb3 Qc5+ 33. Kh2 Qxc4 34. Qxa2
Qxa2 35. Nxh5 d4 36. Rg1 Rf8 37. Ra1 Qc2 38. Rac1 Qg6 39. Bxb7 Qxh5 40. Rg2 Qh4
41. Rcc2 Qf4+ 42. Kh1 Qe3 43. Kh2 Rb8 44. Rb2 d3 45. h4 Qd4 46. Kh3 Qa7 47. Bf3
Rxb2 48. Rxb2 Qe3 49. Kg2 d2 50. Rb1 Qf4 51. h5 Qxg5+ 52. Kf2 Qc5+ 53. Ke2 Qc1
0-1

[Event "GBR-ch"]
[Site "Aberystwyth, Wales"]
[Date "2014.07.19"]
[Round "1.21"]
[White "Clancy, Martin J"]
[Black "Haria, Ravi"]
[Result "0-1"]
[WhiteElo "2009"]
[BlackElo "2202"]
[PlyCount "135"]
[EventDate "2014.07.19"]
[EventType "swiss"]
[EventRounds "11"]
[EventCountry "GBR"]
[Source "John Saunders"]
[SourceDate "2015.07.24"]

1. e4 c5 2. d4 cxd4 3. c3 dxc3 4. Nxc3 Nc6 5. Nf3 d6 6. Bc4 a6 7. O-O Nf6 8. e5
dxe5 9. Qxd8+ Nxd8 10. Nxe5 Be6 11. Be2 g6 12. Bf3 Bg7 13. Be3 Rc8 14. Na4 Nd5
15. Bd4 f6 16. Nd3 Rc4 17. Bb6 Rxa4 18. Bxd8 Bf7 19. Nc5 Rc4 20. Nxb7 Rb4 21.
Rfd1 Rxb7 22. Bxd5 Bxd5 23. Rxd5 Rxb2 24. g4 h5 25. Re1 Rb7 26. gxh5 Rxh5 27.
Rxh5 gxh5 28. Ba5 Kf7 29. a4 f5 30. Rc1 Rb2 31. Be1 Ra2 32. a5 Be5 33. Kg2 f4
34. Rc5 Kf6 35. Rc6+ Kf5 36. Rxa6 Ra3 37. Rc6 f3+ 38. Kh3 Ra4 39. Rh6 Ra1 40.
Bd2 Rh1 41. Rxh5+ Ke4 42. Kg4 Rg1+ 43. Kh3 Rg2 44. Rxe5+ Kxe5 45. a6 Rg8 46. a7
Kd5 47. Kh4 Kc6 48. Kh5 Kb7 49. Be3 Rg2 50. h4 e5 51. Kh6 Rg1 52. h5 Re1 53.
Bc5 Rc1 54. Be3 Rc3 55. Bg5 e4 56. Bh4 Rc4 57. a8=Q+ Kxa8 58. Bg3 e3 59. fxe3
Rg4 60. Be1 Kb7 61. Kh7 Kc6 62. h6 Kd5 63. Kh8 Ke4 64. h7 Kd3 65. e4 Ke2 66. e5
Kxe1 67. e6 Re4 68. Kg8 0-1

[Event "GBR-ch"]
[Site "Aberystwyth, Wales"]
[Date "2014.07.19"]
[Round "1.22"]
[White "McPhillips, Joseph"]
[Black "Davis, Lee"]
[Result "0-1"]
[WhiteElo "2200"]
[BlackElo "1978"]
[PlyCount "66"]
[EventDate "2014.07.19"]
[EventType "swiss"]
[EventRounds "11"]
[EventCountry "GBR"]
[Source "John Saunders"]
[SourceDate "2015.07.24"]

1. e4 g6 2. d4 d6 3. Nc3 Nf6 4. f4 Bg7 5. Nf3 c5 6. Bb5+ Bd7 7. e5 Ng4 8. e6
fxe6 9. Ng5 Bxb5 10. Nxe6 Bxd4 11. Nxb5 Qa5+ 12. Qd2 Bf2+ 13. Kd1 Ne3+ 14. Ke2
Qxb5+ 15. Kxf2 Ng4+ 16. Kg3 Na6 17. Kxg4 Qd7 18. Re1 Nc7 19. Qe2 Kf7 20. f5
gxf5+ 21. Kxf5 Rag8 22. Rf1 Ke8 23. Kf4 Qxe6 24. Qxe6 Nxe6+ 25. Ke4 Rxg2 26.
Re1 Rf8 27. Be3 Rxc2 28. Kd3 Rxh2 29. b4 Rh3 30. bxc5 Nxc5+ 31. Kc4 Rff3 32.
Bxc5 Rc3+ 33. Kd5 Rxc5+ 0-1

[Event "GBR-ch"]
[Site "Aberystwyth, Wales"]
[Date "2014.07.19"]
[Round "1.24"]
[White "Shaw, Peter"]
[Black "Fathallah, Joe"]
[Result "0-1"]
[WhiteElo "2178"]
[BlackElo "1953"]
[PlyCount "64"]
[EventDate "2014.07.19"]
[EventType "swiss"]
[EventRounds "11"]
[EventCountry "GBR"]
[Source "John Saunders"]
[SourceDate "2015.07.24"]

1. d4 f5 2. g3 Nf6 3. Bg2 g6 4. Nf3 Bg7 5. O-O O-O 6. b4 d6 7. Bb2 c6 8. c4 Qc7
9. Nbd2 Kh8 10. Qc2 Na6 11. Bc3 Be6 12. a4 Rac8 13. Rfc1 Bg8 14. b5 Nb8 15. Qb2
Nbd7 16. Ra3 d5 17. cxd5 Bxd5 18. Qa1 Ne4 19. Nxe4 fxe4 20. Ng5 Nf6 21. Qb1 e3
22. f4 h6 23. Bxd5 hxg5 24. Be6 gxf4 25. Bxc8 Qxc8 26. Qxg6 Qh3 27. d5 Rg8 28.
Be1 Ng4 29. Qe4 Qxh2+ 30. Kf1 f3 31. exf3 e2+ 32. Qxe2 Qh1# 0-1

[Event "GBR-ch"]
[Site "Aberystwyth, Wales"]
[Date "2014.07.19"]
[Round "1.25"]
[White "Hoare, Amy B"]
[Black "Batchelor, Peter J"]
[Result "0-1"]
[WhiteElo "1950"]
[BlackElo "2177"]
[PlyCount "84"]
[EventDate "2014.07.19"]
[EventType "swiss"]
[EventRounds "11"]
[EventCountry "GBR"]
[Source "John Saunders"]
[SourceDate "2015.07.24"]

1. e4 c6 2. c4 d5 3. cxd5 cxd5 4. exd5 Nf6 5. Nc3 Nxd5 6. d4 Nc6 7. Nf3 Bg4 8.
Qb3 Bxf3 9. gxf3 e6 10. Qxb7 Nxd4 11. Bb5+ Nxb5 12. Qc6+ Ke7 13. Qxb5 Qd7 14.
Nxd5+ Qxd5 15. Bg5+ f6 16. Qxd5 exd5 17. Be3 Ke6 18. O-O-O Bb4 19. Kb1 Rhc8 20.
Rd3 Bc5 21. Re1 Bxe3 22. Rdxe3+ Kf5 23. Re7 g5 24. Rxh7 Rh8 25. Ree7 Kf4 26.
Rxa7 Kxf3 27. b4 Kxf2 28. b5 f5 29. Rxh8 Rxa7 30. Rd8 f4 31. Rxd5 g4 32. b6 Rb7
33. Rd6 f3 34. Rg6 Ke3 35. Re6+ Kf4 36. a4 Kf5 37. Re1 Rxb6+ 38. Kc2 Rh6 39.
Kd3 Rxh2 40. Ke3 Ra2 41. Rd1 Re2+ 42. Kd4 Re4+ 0-1